000 00471nam a2200181Ia 4500
001 13780
005 20260306164826.0
008 260306t2008||||xx |||||||||||||| ||spa||
041 _aESP
082 _a005.133J
_bW95
100 _aThomas Wu, C.
_eAUT
245 0 _aProgramación en java:
_bintroducción a la programación orientada a objetos
260 _c2008
300 _a1186 páginas :
_c23 cm.
650 _aGEN
654 _aCCC
942 _cLIB
_dJUS
_fJUS
_2ddc
_n
999 _c13780
_d13780